书目信息 |
| 题名: |
活中国的姿态
|
|
| 作者: | 内山完造 著 ;尤炳圻 译 | |
| 分册: | ||
| 出版信息: | 兰州 敦煌文艺出版社 1995 |
|
| 页数: | 163页 | |
| 开本: | 20cm | |
| 丛书名: | 外国人的中国观 | |
| 单 册: | ||
| 中图分类: | I313.6 | |
| 科图分类: | ||
| 主题词: | 民族心理学--研究--中国 , 文学 | |
| 电子资源: | ||
| ISBN: | 7-80587-306-2 | |
| 000 | 00746nnam 2200253 45 | |
| 001 | 1250989096 | |
| 005 | 20121013141120.26 | |
| 010 | @a7-80587-306-2@dCNY8.90 | |
| 100 | @a19950702d1995 kemy0chiy0121 ea | |
| 101 | 1 | @achi@cjpn |
| 102 | @aCN@b620000 | |
| 105 | @af z 000zy | |
| 200 | 10 | @a活中国的姿态@AHUO ZHONG GUO DE ZI TAI@f(日)内山完造著@F( RI ) NEI SHAN WAN ZAO ZHU@g尤炳圻译 |
| 210 | @a兰州@c敦煌文艺出版社@d1995 | |
| 215 | @a163页@c插图@d20cm | |
| 225 | 2 | @a外国人的中国观 |
| 410 | 0 | @120010@a外国人的中国观 |
| 606 | @a民族心理学@x研究@y中国 | |
| 606 | 0 | @a文学 |
| 690 | @aI313.6@v4 | |
| 701 | 0 | @a内山完造@ANEI SHAN WAN ZAO@4著 |
| 702 | 0 | @a尤炳圻@AYOU BING QI@4译 |
| 801 | 0 | @aCN@bTSSF@c19950702 |
| 905 | @a10447@dI313.6@eJY4 | |
| 活中国的姿态/(日)内山完造著/尤炳圻译.-兰州:敦煌文艺出版社,1995 |
| 163页:插图;20cm.-(外国人的中国观) |
| ISBN 7-80587-306-2:CNY8.90 |
| ● |
| 相关链接 |
|
|
|
|
正题名:活中国的姿态
索取号:I313.6/JY4
 
预约/预借
| 序号 | 登录号 | 条形码 | 馆藏地/架位号 | 状态 | 备注 |
| 1 | 7816223 | 278162239 | 学院路分馆/ [索取号:I313.6/JY4] | 在馆 | |
| 2 | 7816224 | 278162248 | 学院路分馆/ [索取号:I313.6/JY4] | 在馆 | |
| 3 | 7816225 | 278162257 | 学院路分馆/ [索取号:I313.6/JY4] | 在馆 | |
| 4 | 7816226 | 278162266 | 学院路分馆/ [索取号:I313.6/JY4] | 在馆 |